00558nam a2200157Ia 4500020001800000082002000018100001600038245007700054260004200131300001000173650006100183650005700244650006400301700001900365700001600384 a0-85621-021-9 a378.10941 FIE-; aFielden, J. 0aPlanning and management in universities: a study of British universities aLondonbSussex University Pressc1973 a352p. aUniversities and colleges - Planning - United Kingdom -  aUniversities and colleges - Finance - United Kingdom aUniversities and colleges - Administration - United Kingdom aWood, G. Lock  aNind, R.A.